| 000 | 00425nam a2200145Ia 4500 | ||
|---|---|---|---|
| 005 | 20250626021834.0 | ||
| 008 | 240331s9999 xx 000 0 und d | ||
| 082 |
_bDIS _a351 |
||
| 245 | 0 |
_aDisposal of Public Records in Sri Lanka : _bSouvenir |
|
| 260 |
_aDehiwala _bSridevi _c1993 |
||
| 300 | _avi, 47 p ., | ||
| 500 | _aDisposal of Public Records in Sri Lanka | ||
| 700 |
_aThe Dept. of National Archives. _eedt |
||
| 942 | _cL | ||
| 999 |
_c2866 _d2866 |
||